Les communes de Chartres Métropole - Statistiques

Statistiques générales
  • Ce quiz a été pris 52 fois
  • Le résultat moyen est 20 sur 66
Statistiques - réponses
Population Commune % Correct
38 447 Chartres
95%
15 602 Lucé
84%
11 057 Mainvilliers
79%
6 682 Luisant
66%
3 706 Champhol
61%
4 089 Le Coudray
58%
1 767 Barjouville
55%
5 623 Lèves
55%
2 093 Saint-Prest
53%
1 979 Jouy
47%
1 806 Amilly
45%
1 474 Nogent-le-Phaye
42%
507 Nogent-sur-Eure
42%
1 159 Bailleau-l'Évêque
39%
968 Berchères-les-Pierres
39%
892 Berchères-Saint-Germain
39%
1 918 Morancez
39%
1 495 Dammarie
37%
1 153 Fontenay-sur-Eure
37%
760 Gellainville
37%
4 499 Maintenon
37%
1 047 Thivars
37%
349 Corancez
34%
1 482 Gasville-Oisème
34%
1 969 Sours
34%
742 Clévilliers
29%
449 Poisvilliers
29%
1 096 Saint-Aubin-des-Bois
29%
2 759 Saint-Georges-sur-Eure
29%
434 Challet
26%
434 Dangers
26%
1 124 Mignières
26%
758 Ver-lès-Chartres
26%
1 089 Prunay-le-Gillon
24%
745 La Bourdinière-Saint-Loup
21%
372 Meslay-le-Grenet
21%
525 Meslay-le-Vidame
21%
401 Umpeau
21%
717 Boisville-la-Saint-Père
18%
266 Briconville
18%
677 Chartainvilliers
18%
894 Francourville
18%
289 Fresnay-le-Comte
18%
218 Fresnay-le-Gilmert
18%
409 Houville-la-Branche
18%
799 Mittainvilliers-Vérigny
18%
259 Voise
18%
314 Allonnes
16%
346 Champseru
16%
282 Chauffours
16%
906 Coltainville
16%
625 Ollé
16%
576 Roinville
16%
414 Sandarville
16%
702 Theuville
16%
738 Bouglainval
13%
461 Cintray
13%
749 Houx
13%
163 Moinville-la-Jeulin
13%
335 Vitray-en-Beauce
13%
233 Boncé
11%
767 Denonville
11%
320 Ermenonville-la-Grande
11%
339 Oinville-sous-Auneau
11%
321 Santeuil
11%
261 Saint-Léger-des-Aubées
8%
Aucun quiz correspondant
Distribution des résultats
% des personnes avec chaque résultat
Percentile par nombre de réponses
Votre historique - résultats
Vous n’avez pas pris ce quiz